000 00340nam a22001457a 4500
008 210305b ||||| |||| 00| 0 eng d
020 _a9780077269869
041 _aeng
080 _2330.722.6
_a330.722.6
082 _2330.722.6
100 _a61
101 _aKF
245 _aFinancial Accounting
_cThomas P. Edmonds
942 _2udc
_cBK
999 _c55823
_d55823